All UFC Men's Flyweight Champions - Statistics

General Stats
  • This quiz has been taken 291 times
    26 since last reset
  • The average score is 8 of 9
Answer Stats
Title Reign Successful Defenses Champion % Correct
2023-25 4 Alexandre Pantoja
100%
2025-Present 0 Joshua Van
95%
2012-18 11 Demetrious Johnson
90%
2023-23 0 Brandon Moreno
80%
2022-23 (Interim) 0 Brandon Moreno
80%
2021-22 0 Brandon Moreno
80%
2022-23 0 Deiveson Figueiredo
80%
2020-21 2 Deiveson Figueiredo
80%
2018-20 1 Henry Cejudo
80%
No matching quizzes found
Score Distribution
Percent of People with Each Score
Percentile by Number Answered
Your Score History
You have not taken this quiz since the last reset